000
00331nam a2200133 a 4500
005
20140414131921.0
008
101022s19uu xx 00 eng d
050
_a
ER
_b
Si3 1992
100
_a
245
_a
Silent night :
_b
and other nursery rhymes.
260
_b
Allan,
_c
1992.
440
_a
A christmas pop-up
999
_c
111740
_d
111740